| 000 | 00603nam a22001697a 4500 | ||
|---|---|---|---|
| 003 | OSt | ||
| 005 | 20190812143003.0 | ||
| 008 | 161115b xxu||||| |||| 00| 0 eng d | ||
| 040 | _cCRI | ||
| 082 | _a613.2 | ||
| 110 |
_936644 _aConsejo Nacional de Ciencia y Tecnología |
||
| 245 |
_aDirectrices del codex alimentarius sobre etiquetado nutricional. _bNorma Salvadoreña _cConsejo Nacional de ciencia y tecnología |
||
| 260 |
_aSan Salvador _bConsejo Nacional de ciencia y tecnología _c[2004] |
||
| 300 |
_a29 p. _c28 cm. |
||
| 650 | 0 |
_923876 _aNutrición _xEvaluación |
|
| 942 |
_2ddc _cBK _hprozim |
||
| 999 |
_c26556 _d26556 |
||